| 000 | 00500nam a2200145 a 4500 | ||
|---|---|---|---|
| 001 | 000030402 | ||
| 005 | 20200930062308.0 | ||
| 008 | 110517s1981 000 spa d | ||
| 040 |
_aDO-SdBNP _bspa _cBNPHU |
||
| 245 | 0 | 0 | _aExposición organizada por el Instituto de Cooperación Iberoamericana de Madrid. |
| 246 | 1 | 4 | _aEl paisaje de España rural y urbano visto por sus pintores / |
| 260 |
_aSanto Domingo : _bGalería de Arte Moderno, _c1981. |
||
| 300 |
_a[12] p. : _bil. ; _c22 cm. |
||
| 049 | _aBNPD | ||
| 999 |
_c29894 _d29894 |
||